<?xml version="1.0" encoding="UTF-8"?>
<record
    xmlns:xsi="http://www.w3.org/2001/XMLSchema-instance"
    xsi:schemaLocation="http://www.loc.gov/MARC21/slim http://www.loc.gov/standards/marcxml/schema/MARC21slim.xsd"
    xmlns="http://www.loc.gov/MARC21/slim">

  <leader>02994nam a22003257a 4500</leader>
  <controlfield tag="001">0074</controlfield>
  <controlfield tag="003">DO-SdBPM</controlfield>
  <controlfield tag="005">20260219130407.0</controlfield>
  <controlfield tag="007">ta</controlfield>
  <controlfield tag="008">151006b2008   dr  | |||| 00| 0 spa d</controlfield>
  <datafield tag="040" ind1=" " ind2=" ">
    <subfield code="a">DO-SdBPM</subfield>
    <subfield code="b">spa</subfield>
    <subfield code="c">BPMSU</subfield>
    <subfield code="e">rda</subfield>
  </datafield>
  <datafield tag="082" ind1=" " ind2="4">
    <subfield code="a">370.98</subfield>
    <subfield code="b">P598t 2008</subfield>
    <subfield code="2">22</subfield>
  </datafield>
  <datafield tag="100" ind1="1" ind2=" ">
    <subfield code="a"> Pic&#xF3;n Espinoza, C&#xE9;sar </subfield>
    <subfield code="e">autor</subfield>
    <subfield code="4">aut.</subfield>
    <subfield code="d"> </subfield>
  </datafield>
  <datafield tag="245" ind1="1" ind2="0">
    <subfield code="a">Temas educativos latinoamericanos y dominicanos / </subfield>
    <subfield code="c">C&#xE9;sar Pic&#xF3;n Espinoza</subfield>
  </datafield>
  <datafield tag="260" ind1=" " ind2=" ">
    <subfield code="c"> </subfield>
  </datafield>
  <datafield tag="264" ind1=" " ind2=" ">
    <subfield code="a">Santo Domingo :</subfield>
    <subfield code="b"> Instituto Nacional de Formaci&#xF3;n y Capacitaci&#xF3;n del Magisterio,  </subfield>
    <subfield code="c">2008</subfield>
  </datafield>
  <datafield tag="300" ind1=" " ind2=" ">
    <subfield code="a">xix, 501 p&#xE1;ginas :</subfield>
    <subfield code="b"> ilustraciones ;</subfield>
    <subfield code="c"> 23 cm</subfield>
  </datafield>
  <datafield tag="336" ind1=" " ind2=" ">
    <subfield code="a">texto</subfield>
    <subfield code="b">txt</subfield>
    <subfield code="2">rdacontent</subfield>
  </datafield>
  <datafield tag="337" ind1=" " ind2=" ">
    <subfield code="a">sin mediaci&#xF3;n </subfield>
    <subfield code="b">n</subfield>
    <subfield code="2">rdamedia </subfield>
  </datafield>
  <datafield tag="338" ind1=" " ind2=" ">
    <subfield code="a">volumen </subfield>
    <subfield code="b">nc</subfield>
    <subfield code="2">rdacarrier </subfield>
  </datafield>
  <datafield tag="490" ind1="0" ind2=" ">
    <subfield code="a">Educaci&#xF3;n </subfield>
  </datafield>
  <datafield tag="500" ind1=" " ind2=" ">
    <subfield code="a"> Incluye referencias bibliogr&#xE1;ficas y notas al pie de las p&#xE1;ginas </subfield>
  </datafield>
  <datafield tag="504" ind1=" " ind2=" ">
    <subfield code="a"> </subfield>
  </datafield>
  <datafield tag="505" ind1="0" ind2=" ">
    <subfield code="a">Pr&#xF3;logo -- Presentaci&#xF3;n -- Nota preliminar del autor &#x2013; Una mirada internacional a la educaci&#xF3;n 1 -- La Rep&#xFA;blica Dominicana en la agenda educativa internacional 2 -- Reflexiones sobre los principales consensos educativos de los pa&#xED;ses del Sur en materia de educaci&#xF3;n y algunos escenarios del futuro desarrollo educativo latinoamericano 22 -- Hacia la cultura de la calidad de la educaci&#xF3;n 39 -- Alfabetizaci&#xF3;n : un reto de ayer, hoy y siempre 81 -- Aportes y perspectivas de la educaci&#xF3;n popular en Am&#xE9;rica Latina 93 -- La cultura burocr&#xE1;tica y la administraci&#xF3;n de la educaci&#xF3;n 139 -- Multiculturalidad y la educaci&#xF3;n intercultural 173 &#x2013; Investigaciones e innovaciones educativas  198 -- Investigaci&#xF3;n para el desarrollo en una perspectiva cultural y educativa 200 -- Innovaci&#xF3;n educativa en Am&#xE9;rica Latina 222 -- La investigaci&#xF3;n en la educaci&#xF3;n de j&#xF3;venes y adultos en Am&#xE9;rica Latina 253 -- Hacia un proyecto estrat&#xE9;gico de innovaciones "Sembradoras y sembradores de la educaci&#xF3;n general dominicana para el siglo XXI 286 &#x2013; Educaci&#xF3;n y algunos actores  310 -- Una mirada a la educaci&#xF3;n desde el mundo empresarial de un pa&#xED;s latinoamericano en los tiempos electorales 312 -- Educaci&#xF3;n, clase pol&#xED;tica y promesas electorales 332 -- Escuela de madres y padres en Am&#xE9;rica Latina 345 -- Una nueva escuela para todos y las organizaciones magisteriales en los pa&#xED;ses de la regi&#xF3;n 371 -- La Cantuta : un paradigma hist&#xF3;rico de formaci&#xF3;n docente inicial en la educaci&#xF3;n superior de Am&#xE9;rica Latina 386 &#x2013; Educaci&#xF3;n y articulaciones 432 -- Cooperaci&#xF3;n de la educaci&#xF3;n superior con los otros niveles de la educaci&#xF3;n 434 -- Atenci&#xF3;n integral a la primera infancia 449 -- Hacia la construcci&#xF3;n de redes de centros educativos en la Rep&#xFA;blica Dominicana 458 -- LOS Desaf&#xED;os de la educaci&#xF3;n dominicana del 2008 al 2018 482.</subfield>
  </datafield>
  <datafield tag="590" ind1=" " ind2=" ">
    <subfield code="a">Inventariado, 2026/VM</subfield>
  </datafield>
  <datafield tag="650" ind1=" " ind2="7">
    <subfield code="a">Educaci&#xF3;n </subfield>
    <subfield code="z">Am&#xE9;rica Latina.  </subfield>
    <subfield code="v">Ensayos, conferencias, etc.</subfield>
  </datafield>
  <datafield tag="650" ind1=" " ind2="7">
    <subfield code="a">Innovaciones educativas  </subfield>
    <subfield code="z">Rep&#xFA;blica Dominicana.</subfield>
  </datafield>
  <datafield tag="910" ind1=" " ind2=" ">
    <subfield code="a">VMateo V. Control de calidad. BPMSU</subfield>
  </datafield>
  <datafield tag="942" ind1=" " ind2=" ">
    <subfield code="2">ddc</subfield>
    <subfield code="c">BK</subfield>
  </datafield>
  <datafield tag="952" ind1=" " ind2=" ">
    <subfield code="0">0</subfield>
    <subfield code="1">0</subfield>
    <subfield code="2">ddc</subfield>
    <subfield code="7">0</subfield>
    <subfield code="8">CD</subfield>
    <subfield code="a">BPMET</subfield>
    <subfield code="b">BPMET</subfield>
    <subfield code="d">2026-02-19</subfield>
    <subfield code="e">INAFOCAN</subfield>
    <subfield code="l">0</subfield>
    <subfield code="o">BPMSU CD 370.98 P598t 2008</subfield>
    <subfield code="p">BPMSU26020119</subfield>
    <subfield code="r">2026-02-19</subfield>
    <subfield code="w">2026-02-19</subfield>
    <subfield code="y">BK</subfield>
  </datafield>
  <datafield tag="999" ind1=" " ind2=" ">
    <subfield code="c">15719</subfield>
    <subfield code="d">15719</subfield>
  </datafield>
</record>
